人工知能と農業 : 精農技術と先端技術の融合
Zapisane w:
| Korporacja: | |
|---|---|
| Format: | Książka |
| Język: | Undetermined |
| Wydane: |
東京
農林統計協会
1987
|
| Hasła przedmiotowe: | |
| Etykiety: |
Dodaj etykietę
Nie ma etykietki, Dołącz pierwszą etykiete!
|
| Thư viện lưu trữ: | Trung tâm Học liệu Trường Đại học Cần Thơ |
|---|
| LEADER | 00592nam a2200205Ia 4500 | ||
|---|---|---|---|
| 001 | CTU_88535 | ||
| 008 | 210402s9999 xx 000 0 und d | ||
| 082 | |a 338.16 | ||
| 082 | |b A798 | ||
| 110 | |a 旭リサーチセンター | ||
| 245 | 0 | |a 人工知能と農業 : | |
| 245 | 0 | |b 精農技術と先端技術の融合 | |
| 245 | 0 | |c 旭リサーチセンター | |
| 260 | |a 東京 | ||
| 260 | |b 農林統計協会 | ||
| 260 | |c 1987 | ||
| 650 | |a Agricultural Innovations | ||
| 650 | |x Technology Transfer | ||
| 904 | |i Ngoc,Hải | ||
| 980 | |a Trung tâm Học liệu Trường Đại học Cần Thơ | ||